[Event "Magnus Carlsen Invitational 2021"]
[Site "Online"]
[Date "2021.03.10"]
[Round "13.4"]
[White "Carlsen, Magnus"]
[Black "Aronian, Levon"]
[Result "1/2-1/2"]
[WhiteElo "2881"]
[BlackElo "2778"]
[Annotator "TA"]
[PlyCount "130"]
[EventDate "2021.03.13"]
[EventType "tourn"]
[EventCountry "NET"]
[SourceTitle "playchess.com"]
[Source "ChessBase"]
[SourceQuality "1"]

{[%evp 9,130,20,14,3,10,0,2,0,4,0,-3,-6,-6,0,0,0,0,-42,0,0,8,8,11,10,14,19,18,10,10,11,20,18,21,12,10,10,6,6,8,9,9,9,31,0,34,8,25,25,25,25,25,25,34,37,67,67,67,60,60,60,67,75,406,400,389,380,417,326,387,17,18,0,0,0,0,0,0,0,0,0,0,0,0,0,0,0,0,0,0,0,0,0,0,0,0,0,0,0,0,0,0,0,0,0,0,0,0,0,0,0,0,0,-28000,-28000,-28000,-28000,-28000,-28000,-28000,-28000,-28000,-28000,-28000]} 1. d4 Nf6 2. c4 e6 3. Nf3 d5 4. Nc3 Bb4 5. cxd5 exd5 6. Bf4 {D38: Queen's Gambit Declined: Ragozin Defence (4 Nf3 Bb4).} O-O (6... c6 7. e3 Bf5 8. Qb3 Qb6 9. Nh4 Bg6 10. Nxg6 hxg6 11. h3 Nbd7 12. Bd3 c5 13. a3 Ba5 14. Qxb6 Bxb6 15. dxc5 Nxc5 {½-½ (61) Carlsen,M (2862)-Aronian,L (2781) chess24.com INT 2020}) 7. e3 c5 8. dxc5 {The position is equal.} Qa5 9. Nd2 {[#]} Nc6 $146 ({Predecessor:} 9... Bxc3 10. bxc3 Qxc5 11. Rc1 b6 12. Qa4 Bb7 13. Be2 Nbd7 14. O-O Qe7 15. Rfd1 Rfc8 {½-½ (65) Van Foreest,J (2612)-Van Foreest,L (2521) Amsterdam 2019}) 10. Nb3 Bxc3+ 11. bxc3 Qxc3+ 12. Qd2 Qxd2+ 13. Kxd2 Ne4+ (13... d4 $5) 14. Ke1 g5 15. Bc7 Be6 16. f3 Rac8 17. Bg3 Nxg3 18. hxg3 Kg7 19. Bd3 h6 20. Kd2 Ne5 21. Rhc1 Rfe8 22. Nd4 Nc4+ 23. Bxc4 dxc4 24. Nxe6+ Rxe6 25. Rxc4 $11 {[%mdl 4096] Endgame KRR-KRR} b6 26. Rac1 Rec6 27. Ra4 Rxc5 28. Rxc5 Rxc5 29. Rxa7 {KR-KR} Rb5 30. Rc7 Ra5 31. Rc2 Ra3 32. g4 b5 33. Rb2 b4 34. e4 Kf6 35. Kc2 Rc3+ $2 {[%mdl 8192]} (35... Ke5 $16) 36. Kb1 $18 Rc4 37. Rd2 Ke5 38. Rd5+ Kf4 39. Rf5+ $2 ({White should play} 39. Kb2 $18) 39... Kg3 $11 40. Rxf7 Rc3 41. Rf6 Kxg2 42. e5 Re3 43. e6 {[#] Hoping for Kc1.} Re2 44. Kc1 {Kd1 is the strong threat.} ({Don't play} 44. Rxh6 Kxf3 45. Kc1 Kxg4 $17) 44... Rxa2 45. Kd1 (45. Rxh6 Kxf3 46. Rh8 Re2) 45... b3 {( -> ...Ra1+)} 46. e7 (46. Rxh6 {is a self mate.} Ra1+ 47. Ke2 b2 48. e7 b1=Q 49. Rh2+ Kxh2 50. e8=Q Qe1+ 51. Kd3 Qxe8 52. Kc4 Qc6+ 53. Kd3 Rd1+ 54. Ke2 Qc2+ 55. Ke3 Qd3+ 56. Kf2 Rf1#) 46... b2 $1 {[%cal Rb2b1] [#]} 47. Kc2 b1=Q+ 48. Kxb1 Re2 49. Rf7 {Black must now prevent Kc1.} ({Of course not} 49. Rxh6 Kxf3 50. Rh7 Kxg4 $17) 49... Kf2 50. Kc1 {And now Kd1 would win.} Ke1 51. Rh7 {Threatens to win with f4.} Re6 52. Kc2 {Strongly threatening Kd3.} Ke2 53. Rf7 Re3 54. Kc1 Ke1 55. Kb1 Ke2 56. Kc2 Ke1 57. Rh7 Ke2 $1 58. Rxh6 Rxe7 59. Rf6 Re3 60. Rf5 Rxf3 $2 {[%mdl 8192]} (60... Re7 $11) 61. Rxg5 {Mate.} Rg3 62. Re5+ Kf3 63. g5 Kf4 64. Rc5 Rxg5 65. Rxg5 Kxg5 {[%mdl 32768] What a bad dream for White.  Weighted Error Value: White=0.16/Black=0.16. An unexpected result.} 1/2-1/2

[Event "Magnus Carlsen Invitational 2021"]
[Site "Online"]
[Date "2021.03.10"]
[Round "13.5"]
[White "Anton Guijarro, David"]
[Black "So, Wesley"]
[Result "1/2-1/2"]
[WhiteElo "2674"]
[BlackElo "2741"]
[Annotator "TA"]
[PlyCount "84"]
[EventDate "2021.03.13"]
[EventType "tourn"]
[EventCountry "NET"]
[SourceTitle "playchess.com"]
[Source "ChessBase"]
[SourceQuality "1"]

{[%evp 9,84,-3,0,0,0,0,0,0,0,0,0,0,8,3,9,4,15,-4,-9,-21,-4,-5,-4,-9,0,-3,-3,-10,-10,-20,0,0,0,0,0,0,0,0,0,0,0,0,0,0,0,0,0,0,0,0,0,0,0,0,0,0,0,0,0,0,0,0,0,0,0,0,0,0,0,0,0,0,0,0,0,0,0]} 1. e4 e5 2. d4 exd4 3. Qxd4 Nc6 4. Qe3 Nf6 5. Bd2 Bb4 {The position is equal.} 6. a3 {C22: Centre Game.} Bxd2+ 7. Nxd2 O-O 8. O-O-O d5 9. exd5 Qxd5 {[#]} 10. Ne2 $146 ({Predecessor:} 10. Nc4 Qh5 11. Ne2 Ng4 12. Qg3 Qc5 13. Ne3 Nxe3 14. Qxe3 Qxe3+ 15. fxe3 Bg4 16. h3 Bxe2 17. Bxe2 {0-1 (39) Bancod,R (2266)-Korneev,O (2524) Johor 2019}) 10... Qe5 11. Qxe5 Nxe5 12. h3 Bd7 13. Nd4 Rad8 14. Nc4 Rfe8 (14... Ng6 {seems wilder.} 15. g3 Ne4 16. Rh2 Rfe8 17. Nf3 Bc6) 15. Nxe5 Rxe5 16. Bc4 Kf8 17. Nf3 Ree8 18. Ng5 Re7 19. Rhe1 Rxe1 20. Rxe1 Be8 21. g3 h6 22. Ne4 Nxe4 23. Rxe4 $11 {[%mdl 4096] Endgame KRB-KRB} Bc6 24. Re3 (24. Re5 {feels hotter.} b6 25. h4 Re8 26. Rxe8+ Kxe8 27. Kd2) 24... Re8 25. Rxe8+ Kxe8 {KB-KB} 26. h4 Ke7 27. Kd2 a5 28. b4 axb4 29. axb4 b6 30. Ke3 f6 31. Kd4 Bd7 32. Bd3 Kd6 33. c3 g5 34. Be4 c5+ 35. bxc5+ bxc5+ 36. Ke3 Ke5 37. f4+ gxf4+ 38. gxf4+ Kd6 39. Bf3 Be6 40. Be4 Bd7 41. Bf3 Be6 42. Be4 Bd7 {An uneventful encounter.  Weighted Error Value: White=0.01/Black=0.02} 1/2-1/2

[Event "Magnus Carlsen Invitational 2021"]
[Site "Online"]
[Date "2021.03.10"]
[Round "13.6"]
[White "Grandelius, Nils"]
[Black "Pichot, Alan"]
[Result "1-0"]
[WhiteElo "2632"]
[BlackElo "2548"]
[Annotator "TA"]
[PlyCount "85"]
[EventDate "2021.03.13"]
[EventType "tourn"]
[EventCountry "NET"]
[SourceTitle "playchess.com"]
[Source "ChessBase"]
[SourceQuality "1"]

{[%evp 11,85,27,34,8,0,14,50,45,24,25,33,43,91,56,104,87,95,38,112,94,112,102,108,107,94,97,94,99,110,93,-18,99,124,100,187,183,196,209,209,195,197,201,251,189,314,322,486,506,492,487,485,411,385,344,1351,1342,1329,1343,1211,1268,2688,2537,1900,1381,29947,6114,29989,29970,2439,29944,29981,29982,29982,29983,29983,29980]} 1. e4 c5 2. Nf3 e6 3. d4 cxd4 4. Nxd4 Nc6 5. Nc3 Qc7 6. Be3 a6 7. g4 {B48: Sicilian: Taimanov: 5 Nc3 Qc7 6 Be3 a6 without Be2.} b5 8. Nxc6 dxc6 (8... Qxc6 {with more complications.} 9. a3 Bb7 10. f3 Bc5 11. Qd2 Ne7) 9. Qf3 {White is slightly better.} e5 {[#]} 10. h4 $146 ({Predecessor:} 10. O-O-O Be6 11. Bh3 Bb4 12. g5 Bxh3 13. Qxh3 Ne7 14. a3 Bxc3 15. bxc3 Qc8 16. Qxc8+ Rxc8 {0-1 (32) Sanchez Jerez,E (2274)-Paunovic,D (2509) Roquetas de Mar 2011}) 10... Be6 11. g5 Bb4 12. a3 Ba5 13. Bc5 Bb6 14. Qe3 (14. Bxb6 $16 Qxb6 15. O-O-O) 14... Rb8 ({Better is} 14... Bxc5 $14 15. Qxc5 O-O-O) 15. O-O-O $16 Ne7 16. h5 Qa7 17. Bxb6 Qxb6 18. Qg3 b4 {[#]} 19. axb4 Qxb4 20. Qxe5 {Strongly threatening Nb5!} Qxb2+ 21. Kd2 {Threatens to win with Rb1.} Rd8+ {White leaves nothing to chance now.} 22. Bd3 {Hoping for Rb1.} Qb6 (22... Bc4 $16 {was necessary.} 23. Rh3 f6) 23. Ke2 $18 O-O {next ...Bg4+ is good for Black.} 24. h6 {[%csl Gh6][%cal Re5g7] [#]} Qd4 25. Qxd4 Rxd4 26. hxg7 (26. Bxa6 $6 Bc4+ 27. Bxc4 Rxc4 $16) 26... Kxg7 27. Ke3 (27. Bxa6 Bc4+ 28. Bxc4 Rxc4 $14) 27... Rfd8 (27... c5 $142 28. Rh2 (28. Bxa6 Nc6 $16) 28... Rh8) 28. f4 ({Not} 28. Bxa6 Rxd1 29. Nxd1 (29. Rxd1 Rxd1 30. Nxd1 h6 $16) 29... Ra8 $16) 28... Bg4 (28... Kg8 {keeps fighting.} 29. f5 Bc8) 29. Rdg1 Bc8 30. f5 Kg8 31. Rh2 c5 32. Rgh1 c4 $2 (32... Nxf5+ 33. exf5 Re8+ 34. Kf2 Bb7) 33. Rxh7 {Intending Rh8+ and mate.} Kf8 34. Rh8+ Ng8 35. Be2 Rd2 36. f6 Rxc2 37. Nd5 Rxd5 38. exd5 c3 39. Bd3 Rg2 40. Bh7 (40. Rc1 $18 Bd7 41. Rxc3 Rxg5 42. Rc7) 40... Rxg5 {White mates.} 41. Rxg8+ Rxg8 42. Bxg8 Kxg8 43. Rc1 {Weighted Error Value: White=0.12/Black=0.72} 1-0

[Event "Magnus Carlsen Invitational 2021"]
[Site "Online"]
[Date "2021.03.10"]
[Round "13.7"]
[White "Mamedyarov, Shakhriyar"]
[Black "Radjabov, Teimour"]
[Result "1/2-1/2"]
[WhiteElo "2761"]
[BlackElo "2758"]
[Annotator "TA"]
[PlyCount "74"]
[EventDate "2021.03.13"]
[EventType "tourn"]
[EventCountry "NET"]
[SourceTitle "playchess.com"]
[Source "ChessBase"]
[SourceQuality "1"]

{[%evp 23,74,0,7,10,11,12,41,43,29,26,30,8,35,0,0,0,0,0,0,0,6,0,0,0,0,-22,-3,-6,-7,-7,0,0,0,0,0,0,0,0,0,0,0,0,0,0,0,0,0,0,0,0,0,0,0]} 1. e4 e5 2. Nf3 Nc6 3. Nc3 Nf6 4. d4 exd4 5. Nxd4 Bb4 6. Nxc6 bxc6 7. Bd3 d5 8. exd5 cxd5 9. O-O O-O 10. Qf3 c6 11. h3 Bd6 12. Bg5 Rb8 13. b3 {C47: Scotch Four Knights and Four Knights with 4 g3.} Be5 {[#]} 14. Bf4 $1 Qd6 (14... Bxf4 15. Qxf4) 15. Bxe5 {White is slightly better.} Qxe5 {[#]} 16. Rae1 $146 ({Predecessor:} 16. Rfe1 Qd6 17. Na4 c5 18. Qg3 Qxg3 19. fxg3 c4 20. bxc4 Rb4 21. Nc3 dxc4 22. Bf1 {½-½ (68) Blohberger,F (2434)-Zarubitski,V (2451) Moscow 2019}) 16... Qd6 17. Qe3 a5 (17... c5 {is interesting.} 18. Qe7 Qc6 19. Qxa7 Ra8 20. Qe7 Be6) 18. Ne2 Bd7 {The position is equal.} 19. c4 Rfe8 20. Qf4 Qxf4 21. Nxf4 Kf8 22. cxd5 cxd5 23. Rxe8+ Bxe8 24. Be2 a4 25. Rd1 axb3 26. axb3 Rxb3 27. Nxd5 Nxd5 28. Rxd5 $11 {[%mdl 4096] Endgame KRB-KRB} Rb1+ 29. Rd1 Rxd1+ 30. Bxd1 {KB-KB} Kg8 31. Kh2 Kh8 32. Kg1 f6 33. Kh2 Bf7 34. Kg1 Bg8 35. Kh2 Bf7 36. Kg1 Bg8 37. Kh2 Bf7 {Weighted Error Value: White=0.04/Black=0.04} 1/2-1/2

[Event "Magnus Carlsen Invitational 2021"]
[Site "Online"]
[Date "2021.03.10"]
[Round "14.1"]
[White "Giri, Anish"]
[Black "Karjakin, Sergey"]
[Result "1/2-1/2"]
[WhiteElo "2731"]
[BlackElo "2709"]
[Annotator "TA"]
[PlyCount "36"]
[EventDate "2021.03.13"]
[EventType "tourn"]
[EventCountry "NET"]
[SourceTitle "playchess.com"]
[Source "ChessBase"]
[SourceQuality "1"]

{[%evp 9,36,14,22,6,17,0,0,8,13,14,10,27,11,0,0,7,9,-6,17,10,15,15,11,0,0,0,6,0,0]} 1. e4 e5 2. Nf3 Nc6 3. Bb5 Nf6 4. d3 Bc5 5. Nbd2 O-O 6. O-O {C65: Ruy Lopez: Berlin Defence (3...Nf6), unusual lines and 4 0-0 Bc5.} Nd4 7. Nxd4 Bxd4 8. c3 Bb6 9. Nc4 d5 10. exd5 Qxd5 11. Nxb6 {The position is equal.} axb6 12. Bc4 Qd6 13. Bg5 Re8 14. Qf3 {[#]} Bg4 $146 ({Predecessor:} 14... h6 15. Bxf6 Qxf6 16. Qxf6 gxf6 17. f4 {½-½ (17) Fedorchuk,S (2667)-Erdos,V (2650) Bol 2013}) 15. Qg3 {[#] Strongly threatening Bxf6.} ({But not} 15. Qxb7 $2 Reb8 $19) 15... Bf5 16. Qf3 Bg4 17. Qg3 {Bxf6 is the strong threat.} ({Don't blunder} 17. Qxb7 $2 Reb8 $19) 17... Bf5 18. Qf3 Bg4 {A rather calm draw.  Weighted Error Value: White=0.06/Black=0.02} 1/2-1/2

[Event "Magnus Carlsen Invitational 2021"]
[Site "Online"]
[Date "2021.03.10"]
[Round "14.2"]
[White "Radjabov, Teimour"]
[Black "Nepomniachtchi, Ian"]
[Result "1/2-1/2"]
[WhiteElo "2758"]
[BlackElo "2778"]
[Annotator "TA"]
[PlyCount "29"]
[EventDate "2021.03.13"]
[EventType "tourn"]
[EventCountry "NET"]
[SourceTitle "playchess.com"]
[Source "ChessBase"]
[SourceQuality "1"]

{[%evp 15,29,6,22,3,22,0,0,0,0,0,0,0,0,0,0,0]} 1. d4 Nf6 2. c4 g6 3. Nc3 d5 4. cxd5 Nxd5 5. e4 Nxc3 6. bxc3 Bg7 7. Be3 c5 8. Nf3 $1 {[%mdl 4] 8.Nf3 is the modern continuation.} Qa5 {The position is equal.} 9. Nd2 {D85: Exchange Grünfeld: Unusual White 7th moves and lines with 7 Nf3.} O-O 10. Nb3 {[#]} Qxc3+ $1 $146 {[%mdl 8] A relevant novelty.} ({Predecessor:} 10... Qc7 11. Nxc5 Nd7 12. Na4 a6 13. Qd2 b5 14. Nb2 Bb7 15. f3 Rac8 16. c4 f5 17. exf5 gxf5 18. cxb5 axb5 19. Bxb5 {1-0 (41) Korobov,A (2652)-Nepomniachtchi,I (2729) Riadh 2017}) 11. Bd2 Qb2 12. Bc1 Qc3+ 13. Bd2 Qb2 14. Bc1 Qc3+ 15. Bd2 {A rather calm draw.  Weighted Error Value: White=0.09/Black=0.04} 1/2-1/2

[Event "Magnus Carlsen Invitational 2021"]
[Site "Online"]
[Date "2021.03.10"]
[Round "14.3"]
[White "Pichot, Alan"]
[Black "Mamedyarov, Shakhriyar"]
[Result "1/2-1/2"]
[WhiteElo "2548"]
[BlackElo "2761"]
[Annotator "TA"]
[PlyCount "106"]
[EventDate "2021.03.13"]
[EventType "tourn"]
[EventCountry "NET"]
[SourceTitle "playchess.com"]
[Source "ChessBase"]
[SourceQuality "1"]

{[%evp 17,106,0,0,0,0,0,0,0,0,0,0,0,0,0,0,0,0,0,0,0,0,0,0,0,0,0,0,0,0,0,0,0,0,0,0,0,0,0,0,0,0,0,0,-271,-271,-263,-214,-219,-218,-189,-177,-197,-158,-176,-98,-102,-28,-27,0,0,0,0,0,0,0,0,0,0,0,0,0,0,0,-13,-31,-616,0,0,0,0,0,0,0,0,0,0,0,0,0,0,0]} 1. e4 e5 2. Nf3 Nc6 3. Bc4 Bc5 4. c3 Nf6 5. d4 exd4 6. e5 d5 7. Bb5 Ne4 8. cxd4 Bb6 9. Nc3 O-O 10. Be3 {C54: Giuoco Piano: 4 c3 Nf6, main lines with 5 d4 and 5 d3.} Bg4 11. h3 Bh5 12. Qc2 Bxf3 13. gxf3 Ng5 14. Bxc6 Nxf3+ 15. Ke2 Nxd4+ 16. Bxd4 Bxd4 {[#]} 17. Bxd5 $146 {Threatens to win with f4.} ({Predecessor:} 17. Bxb7 Rb8 18. Bc6 Rb6 19. Ba4 Qg5 20. Rae1 c5 21. Kd1 Bxe5 22. b3 Rd8 23. Ne2 {0-1 (59) Yarmolyuk,Y (2331)-Zakharov,O (2290) ICCF email 2016}) 17... Bxc3 18. Rhd1 {Bxf7+! is the strong threat.} Bxe5 {And now ...Qf6 would win.} 19. Bxf7+ $1 Rxf7 20. Rxd8+ Rxd8 21. Rd1 Bd4 22. Qc4 c5 23. Rd3 Kf8 24. f3 b6 25. b4 g6 26. bxc5 bxc5 27. Rb3 Re8+ 28. Kf1 Rfe7 29. Rb1 Kg7 30. Qd5 $2 {[%mdl 8192] [#]} (30. Kg2 $11 {and White is okay.}) 30... Re2 $1 $19 {[%cal Re2f2]} 31. h4 Rf2+ 32. Kg1 Rb2+ 33. Qxd4+ cxd4 34. Rxb2 {[%mdl 4096] Endgame KR-KR} Kf6 35. Kf2 Re3 ({Black should play} 35... h5 $19 36. Rb4 Ke5) 36. Rb4 $17 Ke5 (36... Ra3 $17 37. Rxd4 Rxa2+ 38. Ke3 a5 39. Rf4+ Kg7) 37. Ra4 $11 Rc3 38. Rxa7 Rc2+ 39. Kg3 Kd6 40. Rxh7 d3 {aiming for ...d2.} 41. Rh8 $1 Kc5 {Strongly threatening ...Kd4.} (41... Ke7 $5 42. Rh7+ $8 Kd6 $15) 42. Rd8 Kc4 43. a4 Kc3 44. Kf4 Ra2 45. Rd7 Ra1 {White must now prevent ...d2.} 46. Kg5 $2 {[%mdl 8192] [#]} (46. Rc7+ $15 Kd2 47. Kg5) 46... Rxa4 $2 (46... Rg1+ $1 $19 47. Kf6 d2) 47. f4 $1 {The position is equal.} d2 (47... Rd4 {is more complex.} 48. Rc7+ Kb2 49. Rb7+ Kc1 50. Ra7 Kb1) 48. Rxd2 Kxd2 49. Kxg6 {KR-KPP} Ra6+ 50. Kg7 Ra7+ 51. Kg6 $1 Ra6+ 52. Kg7 Ra7+ (52... Ke3 $5 53. f5 $8 Kf4 $11) 53. Kg6 Ra6+ {Weighted Error Value: White=0.22/Black=0.29} 1/2-1/2

[Event "Magnus Carlsen Invitational 2021"]
[Site "Online"]
[Date "2021.03.10"]
[Round "14.4"]
[White "So, Wesley"]
[Black "Grandelius, Nils"]
[Result "1-0"]
[WhiteElo "2741"]
[BlackElo "2632"]
[Annotator "TA"]
[PlyCount "57"]
[EventDate "2021.03.13"]
[EventType "tourn"]
[EventCountry "NET"]
[SourceTitle "playchess.com"]
[Source "ChessBase"]
[SourceQuality "1"]

{[%evp 19,57,25,41,36,47,52,52,53,63,53,70,64,81,87,158,173,170,158,163,166,262,262,428,402,396,374,374,370,549,531,716,729,631,647,948,919,1344,1190,29957,10384]} 1. d4 Nf6 2. c4 g6 3. Nc3 d5 4. cxd5 Nxd5 5. e4 Nxc3 6. bxc3 Bg7 7. Nf3 c5 8. Rb1 O-O 9. Be2 b6 10. O-O Qc7 11. Re1 $5 {[%mdl 4] Leaves trodden paths. D85: Exchange Grünfeld: Unusual White 7th moves and lines with 7 Nf3.} Nc6 {[#]} 12. d5 $146 ({Predecessor:} 12. Be3 Bg4 13. h3 Bxf3 14. Bxf3 Rad8 15. Rc1 b5 16. Qc2 Na5 17. Be2 cxd4 18. cxd4 Qxc2 19. Rxc2 Bxd4 20. Bxb5 Bxe3 21. Rxe3 {1-0 (66) Klaus,E (2092)-Welti,M (2046) ICCF email 2016}) 12... Ne5 13. c4 $1 {White is slightly better.} f5 14. exf5 $1 Bxf5 15. Rb3 Rad8 16. Bb2 e6 (16... Nxf3+ $142 17. Bxf3 Bxb2 18. Rxb2 Qd6) 17. Nxe5 Bxe5 18. Bxe5 Qxe5 19. Bf3 Qf6 (19... Qd4 $142) 20. g4 $18 b5 $2 {[#]} (20... Bxg4 21. Bxg4 Qxf2+ 22. Kh1 exd5 23. Be6+ (23. cxd5 Rf4 $18) 23... Kg7) 21. gxf5 bxc4 22. Rbe3 Qxf5 {[%cal Re6d5]} 23. d6 Qf4 (23... Kg7 {is a better defense.} 24. d7 c3 25. Rxc3 e5) 24. d7 Rf7 25. Bc6 Qxf2+ 26. Kh1 c3 27. Rxe6 {[#] And now Re8+ would win.} c2 28. Re8+ Kg7 29. Qa1+ {Black did not feel at home in the position after the opening.  Weighted Error Value: White=0.01/Black=0.86} 1-0

[Event "Magnus Carlsen Invitational 2021"]
[Site "Online"]
[Date "2021.03.10"]
[Round "14.5"]
[White "Aronian, Levon"]
[Black "Anton Guijarro, David"]
[Result "1-0"]
[WhiteElo "2778"]
[BlackElo "2674"]
[Annotator "TA"]
[PlyCount "87"]
[EventDate "2021.03.13"]
[EventType "tourn"]
[EventCountry "NET"]
[SourceTitle "playchess.com"]
[Source "ChessBase"]
[SourceQuality "1"]

{[%evp 9,87,4,12,9,11,13,24,16,18,11,15,14,9,16,16,9,16,4,27,31,31,34,33,33,36,36,38,36,36,37,34,9,193,191,177,191,228,228,228,221,425,439,479,438,547,544,586,572,567,569,573,574,560,372,377,361,610,604,602,606,594,593,668,665,730,716,829,856,825,742,1141,1141,1136,1134,1150,1210,1377,1076,1178,1181]} 1. d4 Nf6 2. Nf3 e6 3. Bf4 b6 4. e3 Bb7 5. h3 Bd6 6. Bxd6 {A47: 1 d4 Nf6 2 Nf3 b6: Torre, London and Colle Systems.} cxd6 7. c4 d5 8. Nc3 {White has an edge.} dxc4 9. Bxc4 O-O 10. Rc1 {[#]} a6 $146 ({Predecessor:} 10... Nc6 11. O-O Rc8 12. Qe2 Nb4 13. Nd2 d5 14. Bb5 Qe7 15. a3 Nc6 16. Rc2 Nb8 {½-½ (26) Sedlak,N (2600)-Savic,M (2535) Novi Sad 2018}) 11. O-O b5 12. Be2 Nc6 13. Nd2 Rc8 14. a4 b4 15. Nce4 Nxe4 16. Nxe4 {Strongly threatening Nd6.} d6 $1 17. d5 Ne7 18. Rxc8 Nxc8 19. Ng3 e5 20. e4 $36 {[%mdl 2048] White has the initiative.} Nb6 $2 {[#] This move loses the game for Black.} (20... g6 $11) 21. a5 $1 $18 Nd7 22. Qa4 Nc5 23. Qxb4 g6 24. Rc1 Ba8 $2 {[#]} (24... Qb8 {is a better defense.} 25. Qb6 Nd7) 25. Qc4 Qg5 26. Rc3 Qd2 27. b4 Nd7 28. Nf1 Qb2 29. Rc2 Qb1 30. Bd3 Nf6 31. Rc1 Qb2 32. Qc3 Qa2 (32... Qxc3 33. Rxc3 Bb7) 33. Nd2 {White is clearly winning.} Qa4 34. Bxa6 Kg7 35. Bd3 Bb7 36. Qb3 Qd7 37. a6 Ba8 38. b5 {[%cal Bb4b5,Bb5b6][%mdl 32]} Rb8 39. b6 Nh5 40. Rb1 Nf4 41. Bf1 Qe7 42. b7 Bxb7 43. axb7 Qg5 44. Qe3 {Weighted Error Value: White=0.10/Black=0.37} 1-0

[Event "Magnus Carlsen Invitational 2021"]
[Site "Online"]
[Date "2021.03.10"]
[Round "14.6"]
[White "Dubov, Daniil"]
[Black "Carlsen, Magnus"]
[Result "1/2-1/2"]
[WhiteElo "2770"]
[BlackElo "2881"]
[Annotator "TA"]
[PlyCount "154"]
[EventDate "2021.03.13"]
[EventType "tourn"]
[EventCountry "NET"]
[SourceTitle "playchess.com"]
[Source "ChessBase"]
[SourceQuality "1"]

{[%evp 12,153,0,-10,7,12,11,10,31,15,20,-3,0,-1,-7,-19,-20,-20,-22,-79,-62,-82,-64,-101,-95,-108,-100,-122,-89,-64,-61,-112,-128,-168,-152,-166,-139,-247,-237,-249,-125,-125,-109,-114,-125,-243,-286,-263,0,-368,0,0,0,0,0,0,0,0,0,-1,-1,-1,-1,-1,-1,-1,-1,-1,-1,-1,-1,-9,-9,-9,-9,-87,-87,-100,-100,-100,-100,-100,-100,-100,-100,-100,-100,-100,-100,-137,-137,-137,-137,-137,-137,-137,-137,-137,-137,-137,-100,-100,-100,-100,-100,-100,-100,-100,-100,-100,-100,-100,-100,-100,-100,-100,-100,-100,0,-100,0,-100,-8,-8,-8,-60,0,0,0,0,0,0,0,0,0,0,0,0,0,0,0,0,0,0]} 1. d4 d5 2. c4 c6 3. Nf3 Nf6 4. Nc3 e6 5. g3 Nbd7 6. Bg2 dxc4 7. O-O Bd6 {E01: Catalan: Early deviations.} 8. Bg5 h6 9. Bxf6 Qxf6 10. Nd2 Nb6 (10... Qxd4 $2 11. e3 $18) 11. a4 a5 $1 {[#]} ({Avoid the trap} 11... Qxd4 $2 12. e3 $18) 12. Nce4 $146 ({Predecessor:} 12. e3 O-O 13. f4 Qe7 14. Qe2 Bc7 15. Nce4 f5 16. Nc5 Bd6 17. Nxc4 Bxc5 18. dxc5 Qxc5 {½-½ (96) Skytte,R (2416)-Andersen,M (2504) Aarhus 2014}) 12... Qe7 13. b3 cxb3 14. Nxd6+ Qxd6 15. Qxb3 (15. e3 $11) 15... Qxd4 $17 16. Rfd1 O-O 17. Rab1 Nd5 {[%cal Rd5c3] And now ...Nc3 would win.} ({Inferior is} 17... Nxa4 18. Ne4 $16 (18. Nc4 Qc3 $17)) 18. Nc4 Qc3 19. e4 Qxb3 20. Rxb3 Nb4 21. e5 ({White should try} 21. f4 $15) 21... Nd5 22. f4 b5 $1 {[%cal Rb5c4]} 23. axb5 cxb5 24. Bxd5 (24. Rxb5 $17 Ba6 25. Rc5 Bxc4 26. Rxc4) 24... exd5 $19 25. Nb6 Ra6 (25... Bg4 $1 $19 {[%cal Rg4d1]} 26. Ra1 Ra7 27. Nxd5 Rb8) 26. Nxc8 $17 Rxc8 27. Rxb5 {[%mdl 4096] Endgame KRR-KRR} a4 {[%cal Ba5a4,Ba4a3][%mdl 32] Strongly threatening ...Rc2.} 28. Rdxd5 (28. Rb2 $17) 28... a3 $1 $19 {[%cal Ra3a2]} 29. Ra5 {[#]} Rcc6 (29... Raa8 $1 $19 {...a2 is the strong threat.} 30. Rdc5 Re8 31. Rxa8 Rxa8) 30. Rd8+ $11 Kh7 31. Ra8 Rxa8 (31... Rxa5 {with more complications.} 32. Rxa5 Rc3 33. Kg2 h5 34. Ra6 Rc2+) 32. Rxa8 {KR-KR} Rc1+ 33. Kg2 Rc2+ 34. Kf3 a2 35. f5 (35. h4 {with more complications.} g6 36. g4 Kg7 37. h5 gxh5 38. gxh5 Rh2 39. Ke4) 35... Rxh2 36. e6 fxe6 37. fxe6 {Hoping for e7.} Rh1 38. Rxa2 {e7 would kill now.} Re1 39. Ra6 Kg6 40. g4 Kf6 41. Kg3 Re3+ 42. Kf2 Rxe6 43. g5+ (43. Ra3 $11) 43... hxg5 $17 44. Ra2 Kf5 45. Kf3 g4+ 46. Kg3 Re3+ 47. Kf2 Rf3+ (47... Rd3 {with more complications.} 48. Kg2 g6 49. Rf2+ Kg5 50. Rf8 Rc3) 48. Kg2 Kg5 49. Ra8 Rb3 (49... Rc3 {keeps more tension.} 50. Rh8 Re3 51. Rc8 Re2+ 52. Kg3 Re5) 50. Ra2 Kh4 51. Rc2 Rb8 52. Ra2 Rc8 53. Rb2 Ra8 54. Rc2 Ra4 55. Rb2 g3 56. Rc2 Rf4 57. Rc7 Rf2+ 58. Kg1 {[#]} g6 $1 59. Rc6 g5 60. Rh6+ Kg4 61. Rh8 Re2 (61... Rc2 {is interesting.} 62. Rg8 Rc3 63. Kg2 Rc6 64. Re8 Rc4) 62. Ra8 Re4 63. Kg2 Rf4 64. Kg1 Rf2 (64... Kh3 $17) 65. Ra7 (65. Rh8 $1 $11 {remains equal.}) 65... Re2 66. Ra8 $1 g2 (66... Rc2 $17) 67. Ra3 (67. Ra4+ {is more complex.} Kh5 68. Ra3 Rb2 69. Ra1 Rc2 70. Ra3) 67... Kf4 (67... Re1+ {seems wilder.} 68. Kxg2 Re2+ 69. Kg1 Rb2 70. Kh1 Kh5) 68. Rb3 Re3 ({Better is} 68... Rc2 $15) 69. Rxe3 $11 {The position is equal.} Kxe3 70. Kxg2 {KP-K} Kf4 (70... g4 $5) 71. Kf2 g4 72. Kg2 g3 (72... Ke3 $5) 73. Kg1 Kg4 74. Kg2 Kh4 75. Kg1 Kh3 {( -> ...g2)} (75... Kg4 $5) 76. Kh1 g2+ 77. Kg1 Kg3 {And White is the lucky defender.  Weighted Error Value: White=0.15/Black=0.09} 1/2-1/2